Wyspa totalnej porażki postacie - Statystyki

Ogólne statystyki
  • Ten quiz został rozwiązany 43 razy
  • Średni wynik to 20 z 24
Statystyki odpowiedzi
Obrazkowy Odpowiedź % Poprawnych
Duncan
95%
Gwen
95%
Owen
95%
Chris McLean
89%
Eva
89%
Heather
89%
Beth
86%
Chef Hatchet
86%
Courtney
86%
DJ
86%
Harold
86%
Leshawna
86%
Geoff
84%
Cody
81%
Izzy
81%
Justin
78%
Trent
78%
Ezekiel
76%
Noah
76%
Katie
70%
Lindsay
70%
Sadie
70%
Tyler
70%
Bridgette
65%
Nie znaleziono quizów pasujących do podanych kryteriów
Rozkład punktacji
Procent ludzi z każdym wynikiem
Percentyl według liczby udzielonych odpowiedzi
Twoja historia wyników
Nie rozwiązałeś tego quizu